Making shoes

Bibliographic Details
Main Author: Thomson, Ruth
Format: Book
Published: London : Franklin Watts , 1986
Series:Making series
Subjects:

MARC

LEADER 00000cam a2200000 7i4500
001 0000005515
002 000005961
005 20000330.0
020 |a 0863134300 
090 0 0 |a J 611   |b MAK 
100 1 |a Thomson, Ruth 
245 1 0 |a Making shoes   |c Ruth Thomson 
260 |a London :   |b Franklin Watts ,   |c 1986 
300 |a 32p ;   |c 25cm. 
490 0 |a Making series 
650 0 0 |a Shoes   |x Juvenile literature 
999 |a 027198   |b BUKU   |c PINJAMAN   |e PERPUSTAKAAN KOMUNITI PETALING JAYA